000 00521nam a2200157 i 4500
001 183824
003 ES-MaACL
005 20230906221957.0
008 141021s1891 sp |||| | spa d
080 _a353.8(599)
245 0 0 _aFilipinas :
_bproblema fundamental /
_cpor un espaƱol de larga residencia en aquellas islas.
260 _a[S.l.] :
_b[s.n.],
_c1891 (
_eMadrid :
_fImp. de Luis Aguado)
300 _a60 p. ;
_c22 cm.
651 4 _aFilipinas-
_xAdministración-
_yS.XIX.
_98653
852 _aES-MaACL
_jT-577-F-7
999 _c183824
_d183824